FIFA World Cup 2026 - Egypt Squad - Statistics

General Stats
  • This quiz has been taken 6 times
  • The average score is 6 of 27
Answer Stats
Team # Position Club/Country Player % Correct
Egypt 10 RW Liverpool FC Mohamed Salah
100%
Egypt 22 ST Manchester City Omar Marmoush
100%
Egypt Manager Egypt Hossam Hassan
67%
Egypt 7 LW Al Ahly FC Trezeguet
50%
Egypt 8 CM Al Ahly FC Emam Ashour
33%
Egypt 12 RW Real Oviedo Haissem Hassan
33%
Egypt 1 GK Al Ahly FC Mohamed El Shenawy
33%
Egypt 25 RW Al Ahly FC Zizo
33%
Egypt 9 ST FC Barcelona Hamza Abdelkarim
17%
Egypt 6 CB OGC Nice Mohamed Abdelmonem
17%
Egypt 26 GK El Gouna FC Mohamed Alaa
17%
Egypt 3 RB Al Ahly FC Mohamed Hany
17%
Egypt 23 GK Al Ahly FC Oufa Shobeir
17%
Egypt 5 CB Al-Ain FC Ramy Rabia
17%
Egypt 2 CB Al Ahly FC Yasser Ibrahim
17%
Egypt 13 LB Zamalek SC Ahmed Fatouh
0%
Egypt 16 GK Zamalek SC El Mahdi Soliman
0%
Egypt 14 DM Al-Wakrah SC Hamdy Fathy
0%
Egypt 4 CB Zamalek SC Hossam Abdelmaguid
0%
Egypt 20 LW FC Nordsjaelland Ibrahim Adel
0%
Egypt 15 LB Pyramids FC Karim Hafez
0%
Egypt 21 CM Zed FC Mahmoud Saber
0%
Egypt 19 DM Al Ahly FC Marwan Ateya
0%
Egypt 17 DM Pyramids FC Mohanad Lasheen
0%
Egypt 11 LW Pyramids FC Mostafa Ziko
0%
Egypt 18 DM Al-Najma SC Nabil Dunga
0%
Egypt 24 RB Zed FC Tarek Alaa
0%
No matching quizzes found
Score Distribution
Percent of People with Each Score
Percentile by Number Answered
Your Score History
You have not taken this quiz